000 00544nam a2200193 i 4500
001 31599
003 ES-MaACL
005 20240227155500.0
007 t|
008 030129s1963 sp ||||1| spa d
100 1 _aBeneyto, Juan.
_927558
245 1 3 _aLa opinión pública internacional /
_cJuan Beneyto.
260 _aMadrid :
_bTecnos,
_c[1963]
300 _a184 p. ;
_c20 cm.
490 1 _aColección Ventana abierta
830 0 _aVentana abierta
_9179022
852 _aES-MaACL
_jC-26859
_bR.55777
999 _c31599
_d31599